| 000 | 00594nam a2200193 a 4500 | ||
|---|---|---|---|
| 001 | 000001952 | ||
| 005 | 20200929145754.0 | ||
| 008 | 090630s2002 sp a 001 0 spa d | ||
| 020 | _a8497320921 | ||
| 040 |
_aDO-SdBNP _bspa _cBNPHU |
||
| 082 |
_a658.15 _bE74a |
||
| 100 | 1 |
_aEscribano Ruiz, Gabriel _96341 |
|
| 245 | 1 | 0 |
_aGestión financiera : _badministración y finanzas / _cGabriel Escribano Ruiz. |
| 260 |
_aMadrid, : _bThomson, _c2002. |
||
| 300 |
_a331 p : _bil. ; _c30 cm. |
||
| 500 | _aIncluye índice | ||
| 650 | 4 |
_aAdministración financiera _96342 |
|
| 650 | 4 |
_aCompañia _xFinanzas _96343 |
|
| 999 |
_c1818 _d1818 |
||